| 000 | 00590nam a2200169 4500 | ||
|---|---|---|---|
| 001 | 111238 | ||
| 003 | ES-MaACL | ||
| 005 | 20230906185252.0 | ||
| 007 | t| | ||
| 008 | 061121s1950 sp r ||||1| spa d | ||
| 100 | 1 |
_aNájera Angulo, Luis. _984870 |
|
| 245 | 1 | 0 |
_aDispositivo para la concentracióon de huevos de Herlmintos en heces / _cpor L. Nájera. |
| 260 |
_aGranada : _b[s.n.], _c[1950?] ( _fImp. Urania) |
||
| 300 |
_a3 h. ; _c24 cm. |
||
| 500 | _aEs separata de la Rev. Ibérica de Parasitología . Tomo X, octubre de 1950. p. 466- 470. | ||
| 852 |
_aES-MaACL _j1935-F-19 _bR.31659 |
||
| 999 |
_c111238 _d111238 |
||